LEADER 01858nam a2200373 a 4500 001 000000134874 003 CaOOAMICUS 005 20130705154155.0 008 130705s2013 it d 001 0 ita r 020 $a978-88-6030-594-7 040 $aPUL$bita 100 1 $aHayes, Steven C.$0(OLS)http://pul/name/86891 245 10$aACT :$bteoria e pratica dell'Acceptance and Commitment Therapy /$cSteven C. Hayes, Kirk D. Strosahl, Kelly G. Wilson ; edizione italiana a cura di Cesare Maffei ; postfazione di Paolo Moderato. 246 30$aTeoria e pratica dell'Acceptance and Commitment Therapy 260 $aMilano :$bRaffaello Cortina,$cİ2013. 300 $aXIX, 466 p. :$bgrafici ;$c23 cm. 490 1 $aCollana di psicologia clinica e psicoterapia ;$v256 504 $aInclude riferimenti bibliografici p. 435-452. 650 4$aPsicanalisi.$0(OLS)http://pul/subject/1791 650 4$aDepressione.$0(OLS)http://pul/subject/20047 700 1 $aStrosahl, Kirk D.$0(OLS)http://pul/name/86892 700 1 $aWilson, Kelly G.$0(OLS)http://pul/name/86893 700 1 $aMaffei, Cesare.$0(OLS)http://pul/name/68223 700 1 $aModerato, Paolo.$0(OLS)http://pul/name/86894 830 0$aCollana di psicologia clinica e psicoterapia ;$v256.$0(OLS)http://pul/title/12189 850 $aPUL 852 $aPUL$W1$xSL Filosofia 1$y2$m97 S 256$j155151$qStampati$B154704$CPULBib$Z2$F154704 $H122696 $82 941 1 $a8 960 $aPsicoanalisi$91791 996 $6020$a978-88-6030-594-7$9(OLS)http://pul/number/153249 996 $6245$aACT :$bteoria e pratica dell'Acceptance and Commitment Therapy$9(OLS)http://pul/title/170573 996 $6246$aTeoria e pratica dell'Acceptance and Commitment Therapy$9(OLS)http://pul/title/170574 996 $6260$aMilano :$bRaffaello Cortina$9(OLS)http://pul/publisher/63509 LEADER 01652nam a2200337 u 4500 001 000000073763 003 CaOOAMICUS 005 20130514162648.0 008 021031s1987 mnu u000 u eng u 020 $a0800660188 035 $a10943420 040 $aPUL$bita 041 1 $aeng$agrc$hger 100 1 $aConzelmann, Hans,$d1915-1989.$0(OLS)http://pul/name/2147 240 10$aApostelgeschichte.$lInglese.$0(OLS)http://pul/title/96930 245 10$aActs of the Apostles :$ba commentary on the Acts of the Apostles /$cby Hans Conzelmann ; Translated by James Limburg ... [et al.] ; Edited by Eldon Jay Epp with Christopher R. Matthews. 260 $aMinneapolis :$bFortress Press,$c1987. 300 $axlviii, p.287 ;$c25 cm 490 1 $aHermeneia : a critical and historical commentary on the Bible 500 $aIncludes bibliographical references (p. 243-249) and index. 630 04$aBiblia.$pN.T.$pActus apostolorum.$0(OLS)http://pul/subject/8256 700 1 $aMatthews, Christopher R.$0(OLS)http://pul/name/48795 700 1 $aEpp, Eldon Jay.$0(OLS)http://pul/name/48871 830 0$aHermeneia : a critical and historical commentary on the Bible.$0(OLS)http://pul/title/16749 850 $aPUL 852 $aPUL$W1$xSL Religione 1$y3$m6(1) E 51$j95290$nBK-PRI$b $qStampati$B95290$CPULBib$Z2$F95290 $H $81 941 1 $a8 961 $aINV: 87855 996 $6020$a0800660188$9(OLS)http://pul/number/95243 996 $6245$aActs of the Apostles :$ba commentary on the Acts of the Apostles$9(OLS)http://pul/title/96931 996 $6260$aMinneapolis :$bFortress Press$9(OLS)http://pul/publisher/52703